The development of nursery practices for plantation forests, with particular reference to tropical and subtropical conditions

Bibliographic Details
Main Author: KAMIS bin Awang
Format: Book
Published: Australia : Australian National University , 1973
Subjects:

MARC

LEADER 00000cam a2200000 7i4500
001 0000002744
005 20040105.0
090 0 0 |a R THE634.9564   |b KAM 1973 
100 0 0 |a KAMIS bin Awang 
245 1 4 |a The development of nursery practices for plantation forests, with particular reference to tropical and subtropical conditions   |c by Kamis bin Awang 
260 0 0 |a Australia :   |b Australian National University ,   |c 1973 
300 |a xiv, 143 p. ;   |c 30 cm. 
500 0 0 |a Bibliography : p. 128-143 
500 0 0 |a Thesis - B.Sc. (Forestry) - Australian National University (1973) 
650 0 0 |a Forest nurseries 
998 |a JPSM 
999 |a 0000001481   |b Monograph   |c Thesis   |e Default branch